مداخل الأسماء العربية القديمة : قائمة استناد للمكتبات و مراكز المعلومات / (رقم التسجيلة. 114498)

تفاصيل مارك
000 -LEADER
fixed length control field 00740nam a22002057a 4500
005 - DATE AND TIME OF LATEST TRANSACTION
control field 20251108174641.0
008 - FIXED-LENGTH DATA ELEMENTS--GENERAL INFORMATION
fixed length control field 250721s1996 xx 000 0 ara d
020 ## - INTERNATIONAL STANDARD BOOK NUMBER
International Standard Book Number 9772810107
082 14 - DEWEY DECIMAL CLASSIFICATION NUMBER
Classification number م/929.4/خلي
100 1# - MAIN ENTRY--PERSONAL NAME
Personal name خليفة، شعبان عبد العزيز
Relator term مؤلف
245 10 - TITLE STATEMENT
Title مداخل الأسماء العربية القديمة : قائمة استناد للمكتبات و مراكز المعلومات /
264 1# - PRODUCTION, PUBLICATION, DISTRIBUTION, MANUFACTURE, AND COPYRIGHT NOTICE
Place of production, publication, distribution, manufacture القاهرة :
Name of producer, publisher, distributor, manufacturer المكتبة الكاديمية،
Date of production, publication, distribution, manufacture, or copyright notice 1996.
300 ## - PHYSICAL DESCRIPTION
Extent 2.مج.
650 17 - SUBJECT ADDED ENTRY--TOPICAL TERM
Topical term or geographic name as entry element التراجم
650 17 - SUBJECT ADDED ENTRY--TOPICAL TERM
Topical term or geographic name as entry element قواعد الفهرسه
650 17 - SUBJECT ADDED ENTRY--TOPICAL TERM
Topical term or geographic name as entry element الاسماا المستعاره
700 1# - ADDED ENTRY--PERSONAL NAME
Personal name العايدي، محمد عوض
942 ## - ADDED ENTRY ELEMENTS (KOHA)
Source of classification or shelving scheme Dewey Decimal Classification
Koha item type مراجع
المقتنيات
حالة السحب حالة الفقدان مصدر التصنيف حالة التلف غير قابل للإعارة المكتبة الرئيسية المكتبة الحالية موقع الرف تاريخ التزويد الرقم المتسلسل Total Checkouts رقم الإستدعاء الباركود تاريخ آخر ظهور تاريخ الفاتورة نوع المادة (كوها)
    Dewey Decimal Classification   Not For Loan المكتبة المركزية المكتبة المركزية مراجع 28/07/2025 1229885   م/929.4/خلي PLD00046584 28/07/2025 28/07/2025 مراجع
    Dewey Decimal Classification   Not For Loan المكتبة المركزية المكتبة المركزية مراجع 25/10/2008 1229890   م/929.4/خلي PLD00046604 28/07/2025 25/10/2008 مراجع
    Dewey Decimal Classification   Not For Loan مكتبة وادي السير العامة مكتبة وادي السير العامة مراجع 25/10/2008 1229886   م/929.4/خلي PLD00046600 28/07/2025 25/10/2008 مراجع
    Dewey Decimal Classification   Not For Loan مكتبة وادي السير العامة مكتبة وادي السير العامة مراجع 25/10/2008 1229891   م/929.4/خلي PLD00046605 28/07/2025 25/10/2008 مراجع
Implemented & Customized by: BBB with SCIT (Smart Chains for Information Technology)

Powered by Koha